Phương phaÌp daÌ£y hoÌ£c hoÌa hoÌ£c GiaÌo triÌ€nh duÌ€ng cho caÌc trươÌ€ng Cao đẳng sư phaÌ£m TâÌ£p hai
TriÌ€nh baÌ€y những vâÌn đêÌ€ đaÌ£i cương vaÌ€ cơ bản nhâÌt của phương phaÌp daÌ£y hoÌ£c hoÌa hoÌ£c ở trươÌ€ng phổ thông: đôÌi tươÌ£ng, phương phaÌp, nhiêÌ£m vuÌ£ vaÌ€ caÌc phương phaÌp tổ chưÌc giảng daÌ£y...
Đã lưu trong:
| Tác giả chính: | |
|---|---|
| Tác giả khác: | |
| Định dạng: | Sách |
| Ngôn ngữ: | Undetermined |
| Được phát hành: |
H.
GiaÌo duÌ£c
2001
|
| Những chủ đề: | |
| Truy cập trực tuyến: | http://lrc.tdmu.edu.vn/opac/search/detail.asp?aID=2&ID=7189 |
| Các nhãn: |
Thêm thẻ
Không có thẻ, Là người đầu tiên thẻ bản ghi này!
|
| Thư viện lưu trữ: | Trung tâm Học liệu Trường Đại học Thủ Dầu Một |
|---|
| LEADER | 01372nam a2200241Ia 4500 | ||
|---|---|---|---|
| 001 | TDMU_7189 | ||
| 008 | 210410s9999 xx 000 0 und d | ||
| 082 | |a 540.71 | ||
| 090 | |b NG528 | ||
| 100 | |a Nguyễn, Cương | ||
| 245 | 0 | |a Phương phaÌp daÌ£y hoÌ£c hoÌa hoÌ£c | |
| 245 | 0 | |b GiaÌo triÌ€nh duÌ€ng cho caÌc trươÌ€ng Cao đẳng sư phaÌ£m | |
| 245 | 0 | |c Nguyễn Cương (chủ biên), Nguyễn MaÌ£nh Dung, Nguyễn ThiÌ£ Sửu | |
| 245 | 0 | |n TâÌ£p hai | |
| 260 | |a H. | ||
| 260 | |b GiaÌo duÌ£c | ||
| 260 | |c 2001 | ||
| 300 | |a 111tr. | ||
| 520 | |a TriÌ€nh baÌ€y những vâÌn đêÌ€ đaÌ£i cương vaÌ€ cơ bản nhâÌt của phương phaÌp daÌ£y hoÌ£c hoÌa hoÌ£c ở trươÌ€ng phổ thông: đôÌi tươÌ£ng, phương phaÌp, nhiêÌ£m vuÌ£ vaÌ€ caÌc phương phaÌp tổ chưÌc giảng daÌ£y | ||
| 650 | |a HoÌa hoÌ£c; Phương phaÌp daÌ£y hoÌ£c; Phương phaÌp daÌ£y hoÌ£c - HoÌa hoÌ£c | ||
| 700 | |a Nguyễn, MaÌ£nh Dung | ||
| 856 | |u http://lrc.tdmu.edu.vn/opac/search/detail.asp?aID=2&ID=7189 | ||
| 980 | |a Trung tâm Học liệu Trường Đại học Thủ Dầu Một | ||